| 000 | 00368nam a2200145Ia 4500 | ||
|---|---|---|---|
| 008 | 140316s9999 xx 000 0 und d | ||
| 020 | _a8131401936 | ||
| 082 |
_a380.1 _bICF/CA |
||
| 100 | _aIcfai | ||
| 245 | _aCase Studies on Marketing Strategy - Vol.II | ||
| 260 |
_aHyderabad _bIcfai University _c2006 |
||
| 300 | _a319 | ||
| 650 | _acase studies | ||
| 942 |
_2ddc _cBK |
||
| 999 |
_c9300 _d9300 |
||